000 00535nam a22001935i 4500
001 48279
003 ES-MaACL
005 20240229195308.0
007 t|
008 950711s1899 fr ||||1| fre d
040 _aCAM
_bspa
_cCAM
100 1 _aChoisy, Auguste.
_938594
245 1 0 _aHistoire del'architecture /
_cpar Auguste Choisy.
260 _aParis :
_bGauthier-Villars,
_c1899.
300 _a2 v. ;
_c26 cm.
650 1 4 _aArquitectura-
_vHistoria
_99995
852 _aES-MaACL
_jB-1827-8
999 _c48279
_d48279